| 000 | 01060nam a22002657a 4500 | ||
|---|---|---|---|
| 001 | 232 | ||
| 003 | BD-RjUL | ||
| 005 | 20211208233133.0 | ||
| 008 | 131113m19952002ii d|||| |||| 000 0 ben d | ||
| 020 | _a818547138X | ||
| 035 | _a(BD-RjUL)246 | ||
| 040 |
_aBD-RjUL _bben _cBD-RjUL _dBD-RjUL |
||
| 041 | _aben | ||
| 082 | 0 | 4 |
_221 _a398.2 _bSEL 2002 |
| 100 | 1 |
_aসেনগুপ্ত, পল্লব. _9698 |
|
| 245 | 1 | 0 |
_aলোকসংস্কৃতির সীমানা ও স্বরূপ / _cপল্লব সেনগুপ্ত. |
| 250 | _aপরি.শী. ও পরিব.২য় সংস্করন | ||
| 260 |
_aকলকাতা : _bপুস্তক বিপণি, _c২০০২. |
||
| 300 |
_a৩৭৬ পৃ. : _bচিত্র ; _c২০ সেমি. |
||
| 504 | _aবিব্লিওগ্রাফি ও নির্ঘন্ট সংযুক্ত. | ||
| 526 | _bFolklore. | ||
| 650 | 0 |
_2SLSH _aFolklore. _zIndia. _9699 |
|
| 650 | 0 |
_aলোকসংস্কৃতি _zভারত _9700 |
|
| 942 |
_2ddc _cBK |
||
| 999 |
_c232 _d232 |
||